000 00693nam a2200277Ia 4500
005 20260324112639.0
008 008 260324s9999 xx 000 0 eng d
020 _a9781003432319
037 _aEBOOK
040 _aCRL
040 _beng
040 _cCRL
041 _2eng
041 _aeng
084 _qCRL
100 _aDeepa Jose; Sanchita Paul; Sachi Nandan Mohanty; Preethi Nanjundan
_91143569
245 0 _aAI-Driven IoT Systems for Industry 4.0
260 _bTaylor and Francis
260 _c2024
365 _a
365 _b305
856 _uhttp://www.taylorfrancis.com/books/9781003432319
942 _cEBOOK
999 _c1732857
_d1732857